| 000 | 00519 a2200181 4500 | ||
|---|---|---|---|
| 020 | _a0130797669 | ||
| 040 | _aDLC | ||
| 100 | 1 | _aGoldstein, Larry Joel. | |
| 245 | 1 | 0 |
_aCalculus and its applications _cLarry J. Goldstein, David C. Lay, David I. Schneider. |
| 250 | _a8th ed. | ||
| 260 |
_aUpper Saddle River, N.J. : _bPrentice Hall, _c1999. |
||
| 300 |
_a628 p. : _bill. |
||
| 500 | _aIncludes index. | ||
| 650 | 0 | _aCalculus. | |
| 700 | 1 | _aLay, David C. | |
| 700 | 1 | _aSchneider, David I. | |
| 942 |
_cBK _k515 GOL _2ddc |
||
| 999 |
_c7532 _d7532 |
||